| 000 | 01013pam a2200301 a 4500 | ||
|---|---|---|---|
| 999 |
_c328543 _d328543 |
||
| 001 | 1598939 | ||
| 003 | Nust | ||
| 005 | 20170411160343.0 | ||
| 008 | 941103r19951994nyu 000 1 eng | ||
| 010 | _a 94042644 | ||
| 020 | _a9780552997805 | ||
| 040 |
_aDLC _cDLC _dDLC |
||
| 043 | _ae------ | ||
| 050 | 1 | 0 |
_aPR6066.A84 _bK58 1995 |
| 082 | 0 | 0 |
_a823.914 _bWAL |
| 100 | 2 |
_aPaton Walsh, Jill, _d1937- |
|
| 245 | 1 | 0 |
_aKnowledge of angels / _cJill Paton Walsh. |
| 260 |
_aNew York : _bBantam Books, _c1995. |
||
| 300 |
_a283 p. ; _c21 cm. |
||
| 500 | _aOriginally published: Boston : Houghton Mifflin, 1994. | ||
| 650 | 0 |
_aIslands _xFiction. |
|
| 650 | 0 |
_aFeral children _xFiction. |
|
| 650 | 0 |
_aMiddle Ages _xFiction. |
|
| 650 | 0 |
_aMonks _xFiction. |
|
| 655 | 7 |
_aHistorical fiction. _2gsafd |
|
| 906 |
_a7 _bcbc _corignew _d1 _eocip _f19 _gy-gencatlg |
||
| 942 |
_2ddc _cBK |
||